Yatharth Yatha Sithiteenanim (Record no. 53689)

MARC details
000 -LEADER
fixed length control field 00454nam a2200145Ia 4500
008 - FIXED-LENGTH DATA ELEMENTS--GENERAL INFORMATION
fixed length control field 211109s9999||||xx |||||||||||||| ||und||
082 ## - DEWEY DECIMAL CLASSIFICATION NUMBER
Classification number 891.436
Item number SUR-Y
100 ## - MAIN ENTRY--PERSONAL NAME
Personal name Suresh, Sharama
245 #0 - TITLE STATEMENT
Title Yatharth Yatha Sithiteenanim
260 ## - PUBLICATION, DISTRIBUTION, ETC.
Name of publisher, distributor, etc. VANI Prakasan
Place of publication, distribution, etc. Delhi
Date of publication, distribution, etc. 1900
300 ## - PHYSICAL DESCRIPTION
Extent 182p.
630 ## - SUBJECT ADDED ENTRY--UNIFORM TITLE
General subdivision general stack
650 ## - SUBJECT ADDED ENTRY--TOPICAL TERM
Topical term or geographic name entry element Literature & rhetoric
942 ## - ADDED ENTRY ELEMENTS (KOHA)
Koha item type BOOK
650 ## - SUBJECT ADDED ENTRY--TOPICAL TERM
Form subdivision Literatures of other languages
General subdivision East Indo-European & Celtic literaturesGeneralia
Holdings
Withdrawn status Lost status Source of classification or shelving scheme Damaged status Not for loan Home library Current library Date acquired Cost, normal purchase price Full call number Barcode Shelving location Date last seen Price effective from Koha item type
    Dewey Decimal Classification     SB LIBRARY SB LIBRARY 09/11/2021 100.00 891.434 SUR-Y 00095974 GENERAL STACK 09/11/2021 09/11/2021 BOOK

Powered by Koha